| 000 | 00466nam a2200181 a 4500 | ||
|---|---|---|---|
| 005 | 20220603063550.0 | ||
| 008 | 991125 mx 000 0 spa u | ||
| 020 | _a9706112367 | ||
| 035 | _aUPN01000014602 | ||
| 049 | _aI | ||
| 050 | 4 | _aPZ78 D54 | |
| 100 | 1 |
_aDisney, Walt, _d1901-1966 |
|
| 245 | 1 | 0 |
_aDesfile mágico : _bfantasia |
| 260 |
_aMéxico : _bPromotora Editorial |
||
| 300 |
_a256 p. : _bil. |
||
| 650 | 4 |
_aCuentos infantiles _96744 |
|
| 905 | _aInfantil | ||
| 999 |
_c14602 _d14602 |
||